Statistiken für Top 15 der betroffenen Covid-19-Länder - 4. August

Klicken Sie hier um das Quiz zu spielen!

Allgemein

  • Dieses Quiz wurde 10 mal gespielt
  • Das Durchschnittsergebnis liegt bei 15 aus 25

Antwortstatistiken

Land% Korrekt
Vereinigte Staaten
100%
Brasilien
89%
Indien
89%
Italien
89%
Vereinigtes Königreich
89%
Chile
78%
Chile
78%
Kolumbien
78%
Mexiko
78%
Russland
78%
Spanien
78%
Peru
67%
Schweden
67%
Iran
56%
Saudi-Arabien
56%
Südafrika
56%
Katar
44%
Panama
44%
Kuwait
33%
Oman
33%
Pakistan
33%
Bahrain
22%
Israel
11%
Singapur
11%
Armenien
0%

Verteilung der Resultate

Perzentil nach korrekt beantworteten Fragen

Anzahl Personen mit jedem Resultat

Ihre Resultats-Entwicklung

Sie haben dieses Quiz noch nicht gespielt